00397 a2200157 450000500170000001000130001702000260003003500130005603700090006908200060007810000210008424500540010526000360015927000230019530000210021820240521141839.0 aB-759140 a9789354718878c250.00 aB-759140 bGift aS aCharman, Katrina aThe Last Firehawk The Underland/cKatrina Charman aNew YorkbScholastic Inc.c2023 aNew YorkbNew York a92 p.c19 cm(Pb)